00302nam a22000977a 4500003000400000082001600004100004200020245006000062260007400122300000800196SGT a301.2bB46D aदत्त, रजनी पाम  aभारत वर्तमान और भावी  bपीपुल्स पब्लिशिंग हाउस c1946 a313